| 000 | 00000nam##2200000za#4500 |
| 001 | 9.636950 |
| 003 | CaOODSP |
| 005 | 20210624220955 |
| 007 | cr ||||||||||| |
| 008 | 150407|2009||||xxc|||||o f|0| 0 fre|d |
| 020 | |a978-1-100-92786-2 |
| 040 | |aCaOODSP|bfre |
| 043 | |an-cn--- |
| 086 | 1 |aBT22-120/2009F-PDF |
| 110 | 1 |aCanada. |bConseil du trésor. |
| 245 | 10|aVers un gouvernement efficace - simplifier le labyrinthe de règles : |h[ressource électronique]|brapport sur l'Initiative du labyrinthe de règles - résultats de 2008 2009 et orientations pour 2009 2010 |
| 260 | |aOttawa - Ontario : |bSecrétariat du Conseil du Trésor du Canada |cSeptembre, 2009. |
| 300 | |a17p. |
| 590 | |a12-24-Supp|b2012-05-30 |
| 691 | 07|aRéglementation|2gcpds |
| 775 | 08|tToward effective government - untangling the Web of rules : |w(CaOODSP)9.692735 |
| 856 | 40|ahttp://publications.gc.ca|qPDF|s124 Ko|uhttps://publications.gc.ca/collections/collection_2011/sct-tbs/BT22-120-2009-fra.pdf |